Childerns Health (Record no. 118391)

MARC details
000 -LEADER
fixed length control field 00282pam a2200133 a 4500
020 ## - INTERNATIONAL STANDARD BOOK NUMBER
Terms of availability
041 ## - LANGUAGE CODE
Language code of original
082 ## - DEWEY DECIMAL CLASSIFICATION NUMBER
Item number HEL
100 ## - MAIN ENTRY--PERSONAL NAME
Personal name Helath, Library
245 ## - TITLE STATEMENT
Title Childerns Health
Medium Textual Documents
260 ## - PUBLICATION, DISTRIBUTION, ETC.
Place of publication, distribution, etc. Spain
Name of publisher, distributor, etc. Rabo Publishers
Date of publication, distribution, etc. 2006
300 ## - PHYSICAL DESCRIPTION
Extent 293
930 ## - EQUIVALENCE OR CROSS-REFERENCE-UNIFORM TITLE HEADING [LOCAL, CANADA]
Uniform title 11569
Holdings
Withdrawn status Lost status Damaged status Not for loan Collection Home library Current library Shelving location Date acquired Source of acquisition Cost, normal purchase price Total Checkouts Full call number Barcode Date last seen Copy number Price effective from Koha item type
          Abhijit Kadam Institute of Management & Social Science, Solapur Abhijit Kadam Institute of Management & Social Science, Solapur   09/01/2011 Bharati Madhyavarti Sahakari Grahakbhandar Limited 1848.60   HEL AKS-M-10111 25/09/2023 1 01/03/2023 Book